| 000 | 00874nam a2200205Ii 4500 | ||
|---|---|---|---|
| 003 | JO-AjNU | ||
| 008 | 230605s9999||||xx |||||||||||||| ||und|| | ||
| 017 | _a2013/4/1043 | ||
| 040 |
_aJO-AjNU _bara _erda _cJO-AjNU |
||
| 041 | _aara | ||
| 050 | 1 | 4 | _aCB353.H85.2013 |
| 100 | 3 |
_aهونكه، زيغريد؛ فاروق بيضون ترجمة، كمال دسوقي ترجمة؛ مارون عيسى الخوري مراجع, _eauthor _947856 |
|
| 245 | 0 | 0 | _aشمس العرب تسطع على الغرب اثر الحضارة العربية في اوروبة |
| 264 | 3 | 1 | _aعمان: وزارة الثقافة، 2013 |
| 300 | _a 588ص | ||
| 336 |
_atext _btxt _2rdacontent |
||
| 337 |
_aunmediated _bn _2rdamedia |
||
| 338 |
_avolume _bnc _2rdacarrier |
||
| 650 | 4 |
_aالحضارة الاوروبية، الحضارة الاسلامية، الحضارة العربية _947857 |
|
| 999 |
_aA20920 _c24488 _d24488 |
||